LEADER 01330nam a2200289 u 4500 001 000000055869 003 CaOOAMICUS 005 20070226120418.0 008 010322s1985 it u000 u ita u 020 $a8814005729 035 $a10869832 040 $aPUL(R)$bita 245 03$aLa giurisprudenza forense e dottrinale come fonte di diritto /$ccon introduzione di Cesare Grassetti. 260 $aMilano :$bA. Giuffrè,$c1985. 300 $aiv, 348 p. ;$c26 cm 490 1 $aUniversità degli studi di Milano. Facoltà di giurisprudenza. Studi di diritto privato ;$v51 504 $aBibliografia in nota. 650 4$aGiurisprudenza.$0(OLS)http://pul/subject/17949 700 1 $aGrassetti, Cesare.$0(OLS)http://pul/name/22464 830 0$aStudi di diritto privato (Università degli studi di Milano. Facoltà di giurisprudenza) ;$v51.$0(OLS)http://pul/title/50091 850 $aPUL 852 $aPUL$W1$xSL Diritto e Scienze Sociali 1$y4$m237 A 31$j73398$nBK-PRI$b $qStampati$B73398$CPULBib$Z2$F73398 $H $81 941 1 $a8 961 $aINV: 59648 996 $6020$a8814005729$9(OLS)http://pul/number/70340 996 $6245$aLa giurisprudenza forense e dottrinale come fonte di diritto$9(OLS)http://pul/title/74784 996 $6260$aMilano :$bA. Giuffrè$9(OLS)http://pul/publisher/48096 LEADER 01337nam a2200301 a 4500 001 000000170071 003 CaOOAMICUS 005 20181022120337.0 008 181022s2015 it 000 u ita r 020 $a978-88-6788-066-9* 032 $aLibriCat 040 $aPUL$bita 082 14$a261.8 100 1 $aMariani, Andrea,$d1967-$0(OLS)http://pul/name/58454 245 10$aPapa Francesco: $bno alla cultura dello scarto : dall'ecologia ambientale all'ecologia umana / $cAndrea Mariani ; presentazione di P. Joseph Tham, L.C. 260 $aRoma :$bIF Press,$c©2015. 300 $a254 p. ; $c21 cm. 504 $aBibliografia in nota a piè pagina. 600 04$aFranciscus PP.,$d1936-2025$xEcologia.$0(OLS)http://pul/subject/45688 700 1 $aTham, Joseph.$0(OLS)http://pul/name/77900 850 $aPUL 852 $aPUL$W1$xSL Religione 3$y85$m261. 8 MARAN 2$j192979$qDDC 21$B198283$CPULBib$Z2$F198283 $H131411 $81 941 1 $a9 996 $6020$a978-88-6788-066-9*$9(OLS)http://pul/number/165011 996 $6082$a261.8$9(OLS)http://pul/classification/367 996 $6245$aPapa Francesco: $bno alla cultura dello scarto : dall'ecologia ambientale all'ecologia umana / $9(OLS)http://pul/title/210770 996 $6260$aRoma :$bIF Press$9(OLS)http://pul/publisher/83036